[Event "Dortmund Sparkassen op-B"]
[Site "Dortmund"]
[Date "2012.07.17"]
[Round "4"]
[White "Schmidtmann, Samantha"]
[Black "Koch, Detlev"]
[Result "1-0"]
[WhiteElo "1145"]
[BlackElo "1341"]
[PlyCount "59"]
[EventDate "2012.07.14"]
[EventType "swiss"]
[EventRounds "9"]
[EventCountry "GER"]
[SourceTitle "EXT 2014"]
[Source "ChessBase"]
[SourceDate "2013.11.20"]
[SourceVersion "1"]
[SourceVersionDate "2013.11.20"]
[SourceQuality "1"]

1. e4 c5 2. c4 e6 3. Nc3 a6 4. g3 Ne7 5. Bg2 Nbc6 6. Nge2 Nd4 7. d3 Nec6 8. Be3 e5 9. 0-0 Be7 10. h3 0-0 11. Kh2 f5 12. f4 d6 13. Qd2 Rb8 14. Nd5 Nxe2 15. Qxe2 Nd4 16. Bxd4 cxd4 17. a4 b5 18. axb5 axb5 19. b3 fxe4 20. Qxe4 bxc4 21. bxc4 Bf5 22. Qe2 Bf6 23. fxe5 Bxe5 24. Qd2 Qh4 25. Qf2 Bxd3 26. Qe1 Rxf1 27. Bxf1 Bxf1 28. Qf2 Qxh3+ 29. Kg1 Rf8 30. Ne7+ 1-0